000 00879nam a22002417a 4500
001 3221
003 FISKH
005 20240220141458.0
008 240220b cb ||||| |||| 00| 0 eng d
020 _a9780076594733
040 _aFISKH
_beng
_cFISKH
_dFISKH
050 _aD21.S755
082 _a909
100 _aSpielvogel, Jackson J.
245 _aDiscovering Our Past:
_bA History of the World /
_cTeacher Edition ; Jackson J. Spielvogel, Ph.D.
260 _aUnited States :
_bMcGraw-Hill Education,
_c2014.
300 _a566 pages :
_bcolor illustrations ;
_c31 cm
520 _aMaximize learning and minimize preparation time with lesson plans, activities, and assessment support based on the research of Jay McTighe, co-author of Understanding by Design
650 _aLesson plans,
650 _aActivities
650 _aAssessment Support
942 _2ddc
_cBK
_n0
999 _c3221
_d3221